Qui a dit cette réplique Marvel #3 - Statistiques

Statistiques générales
  • Ce quiz a été pris 1 825 fois
    602 depuis la dernière actualisation
  • Le résultat moyen est 9 sur 17
Statistiques - réponses
Hint Réplique Réponse % Correct
2 Et j'ai juré de ne plus manger de glace mais euh parait qu'on a créé un parfum pour moi. Iron man (Tony Stark)
97%
13 Je s'appelle Groot. Groot
94%
8 Je t'aime plus que trois fois mille. Morgan Stark
78%
1 La mort dans notre culture n'est pas la fin. Black Panther (T'Challa)
77%
7 Il décime les peuples, planètes par planètes, massacres après massacres... Gamora
73%
3 Vision avait ses théories. Il le pensait dangereux. La sorcière rouge (Wanda Maximoff)
73%
17 Oh les gars vous avez oublié le code de votre carte ? Eh mais vous êtes les avengers ! Spider man (Peter Parker)
72%
15 J'ai pas choisi d'être comme ça ! J'ai pas demandé à être démonté et remonté des centaines de fois jusqu'a que je sois plus qu'une... Rocket
63%
6 Ça c'est une fête dont je me passerais. Black Widow (Natasha Romanoff)
56%
5 Et à quoi bon en fin de compte ? Qu'on le redoute ou qu'on veuille le fuir, on n'échappe pas au destin. Thanos
48%
12 Le visionnaire est parmi nous ! Il voit tout ! Il sait ce qui est bon pour vous. Hawkeye (Clint Barton)
45%
9 Gardien de la pierre est ce que ce dindon verbeux parle en ton nom ? Ebony Maw
22%
14 Si ça peut vous rassurer je les ai tué dans leur sommeil. Baron Zemo (Helmut Zemo)
20%
4 Lors de ton voyage dans l'autre dimension, il y a peut être un enchevêtrement entre vous deux. Hank Pym
16%
10 Tu es un mauvais chien !! Kraglin
10%
16 Quand j'ai mis ce costume, je me suis dit : ca y est, c'est le moment où je deviens qui je suis censée être. Kate Bishop
9%
11 Le monde à tellement changé. Ce qui est passé est passé. Peggy carter
7%
Aucun quiz correspondant
Distribution des résultats
% des personnes avec chaque résultat
Percentile par nombre de réponses
Votre historique - résultats
Vous n’avez pas pris ce quiz depuis la dernière actualisation